Introduction to web services development using IBM websphere studio V5.1.1 (Student Notebook) (Record no. 10381)

000 -LEADER
fixed length control field 00395 a2200121 4500
090 ## - LOCALLY ASSIGNED LC-TYPE CALL NUMBER (OCLC); LOCAL CALL NUMBER (RLIN)
-- 6550
-- 6550
100 ## - MAIN ENTRY--PERSONAL NAME
Personal name IBM
245 ## - TITLE STATEMENT
Title Introduction to web services development using IBM websphere studio V5.1.1 (Student Notebook)
Statement of responsibility, etc. IBM
260 ## - PUBLICATION, DISTRIBUTION, ETC.
Place of publication, distribution, etc. USA :
Name of publisher, distributor, etc. International Business Machines Corporation,
Date of publication, distribution, etc. 2004.
300 ## - PHYSICAL DESCRIPTION
Extent xiv, 131 p. :
Other physical details ill. ;
Dimensions 27 cm.
500 ## - GENERAL NOTE
General note IBM Manual
942 ## - ADDED ENTRY ELEMENTS (KOHA)
Koha item type Book
Call number prefix 005.376 IBM
Holdings
Withdrawn status Lost status Damaged status Not for loan Permanent Location Current Location Shelving location Total Checkouts Full call number Barcode Date last seen Price effective from Koha item type
        Central Library (CL) Central Library (CL) First Floor - Software Engineering/ Programming Language   005.376 IBM SEECSD00376 11/14/2012 11/14/2012 Book
© 2023 Central Library, National University of Sciences and Technology. All Rights Reserved.